Plan de Manejo Integral de los Manglares de la Zona de Uso Sostenible de la Bahía de Cispatá, Córdoba -Colombia: (Registro nro. 8120)
[ vista simple ]
| 000 -CABECERA | |
|---|---|
| Campo de control | 01629nam a22002777a 4500 |
| 005 - FECHA Y HORA DE LA ULTIMA TRANSACCION | |
| Campo de control | 20150214102837.0 |
| 008 - ELEMENTOS DE LONGITUD FIJA—INFORMACION GENERAL | |
| Campo de control | 041004s2005 ck bdo gr 00010 spa d |
| 020 ## - ISBN | |
| ISBN | 9583382817 |
| 040 ## - FUENTE DE CATALOGACIÓN | |
| Agencia catalogadora original | CO-BoIAVH |
| Agencia transcriptora | CO-BoIAVH |
| 041 ## - IDIOMA | |
| Código de idioma para texto/pista de sonido o título separado | Español |
| 044 ## - PAÍS DE PUBLICACIÓN | |
| País de publicación | Colombia |
| 082 04 - NUMERO DE CLASIFICACION DECIMAL DEWEY | |
| Número de clasificación | 583.42 |
| Número del ítem | U42g |
| 100 1# - ASIENTO PRINCIPAL--NOMBRE PERSONAL | |
| Nombre personal | Ulloa Delgado, Giovanni Andrées. |
| 245 10 - MENCION DE TITULO | |
| Título | Plan de Manejo Integral de los Manglares de la Zona de Uso Sostenible de la Bahía de Cispatá, Córdoba -Colombia: |
| Parte restante del título | guía / |
| Mención de responsabilidad | Giovanni Andrés Ulloa Delgado, Héctor A. Tavera Escobar ; revisión de textos Luis Enrique Vega G., Doris Stella Liscano Q. ; fotografías Giovanni Andrés Ulloa Delgado, Denis L. Cavanzo Ulloa, Héctor A. Tavera Escobar ; diagramación digital Doris Stella Liscano Quevedo |
| 246 33 - FORMA VARIANTE DEL TITULO | |
| Título propiamente dicho/forma breve del título | Guía para la implementación Plan de Manejo Integral de los Manglares de la zona de uso sostenible de la bahía de Cispatá, Córdoba -Colombia |
| 260 3# - PUBLICACION, DISTRIBUCION, ETC. (PIE DE IMPRENTA) | |
| Lugar de publicación, distribución, etc. | Bogotá |
| Nombre del editor, distribuidor, etc. | Corporación Autónoma Regional de los Valles del Sinú y del San Jorge |
| -- | Conif. Corporación de la Investigación y Fomento Forestal |
| Fecha de publicación, distribución, etc. | 2005 |
| 300 ## - DESCRIPCION FISICA | |
| Extensión | 28 p. |
| Otros detalles físicos | fot., mapas, tablas |
| Dimensiones | 28 cm |
| 650 16 - ASIENTO SECUNDARIO DE MATERIA - TERMINO TEMATICO | |
| Término temático o nombre geográfico como elemento de entrada | Manglares |
| Subdivisión geográfica | Cispatá (Córdoba, Colombia) |
| 650 16 - ASIENTO SECUNDARIO DE MATERIA - TERMINO TEMATICO | |
| Término temático o nombre geográfico como elemento de entrada | Ecología de manglares. |
| Subdivisión geográfica | Cispatá (Córdoba, Colombia) |
| 650 16 - ASIENTO SECUNDARIO DE MATERIA - TERMINO TEMATICO | |
| Término temático o nombre geográfico como elemento de entrada | Vegetación |
| Subdivisión geográfica | Cispatá (Córdoba, Colombia) |
| 650 ## - ASIENTO SECUNDARIO DE MATERIA - TERMINO TEMATICO | |
| Término temático o nombre geográfico como elemento de entrada | Ecología vegetal |
| Subdivisión geográfica | Cispatá (Córdoba, Colombia) |
| 700 12 - ASIENTO SECUNDARIO - NOMBRE PERSONAL | |
| Nombre personal | Ulloa Delgado, Giovanni Andrés |
| Término de relación | autor, fot. |
| 700 12 - ASIENTO SECUNDARIO - NOMBRE PERSONAL | |
| Nombre personal | Tavera Escobar, Héctor Arsenio |
| Término de relación | autor, fot. |
| 700 12 - ASIENTO SECUNDARIO - NOMBRE PERSONAL | |
| Nombre personal | Cavanzo Ulloa, Dennis Leonardo, |
| Término de relación | fot. |
| 942 ## - ELEMENTOS ADICIONALES (KOHA) | |
| Sistema de clasificación | Dewey Decimal Classification |
| Tipo de ítem | Impreso |
| Withdrawn status | Lost status | Sistema de Clasificación | Damaged status | No para préstamo | Colección | Inventariado | Ubicación Permanente | Ubicación actual | Fecha de adquisición | Total Checkouts | Número topográfico | Inventario / Código de Barras | Date last seen | Ejemplar | Price effective from | Forma de adquisición | Tipo de material |
|---|---|---|---|---|---|---|---|---|---|---|---|---|---|---|---|---|---|
| Dewey Decimal Classification | General | Inventariado 2017 | Bogotá | Bogotá | 19/02/2014 | LB-583.42 U42g | 034046 | 19/02/2014 | Ej. 1 | 19/02/2014 | Folleto |